Batic. (Record no. 61581)

MARC details
000 -LEADER
fixed length control field 00735cam a22002531 4500
001 - CONTROL NUMBER
control field sa 65000515
003 - CONTROL NUMBER IDENTIFIER
control field DLC
005 - DATE AND TIME OF LATEST TRANSACTION
control field 20260227112103.0
008 - FIXED-LENGTH DATA ELEMENTS--GENERAL INFORMATION
fixed length control field 820915s1957 io a 000 0 eng
010 ## - LIBRARY OF CONGRESS CONTROL NUMBER
LC control number sa 65000515
025 ## - OVERSEAS ACQUISITION NUMBER
Overseas acquisition number PL480:Indo-S-197a
035 ## - SYSTEM CONTROL NUMBER
System control number (OCoLC)8775444
040 ## - CATALOGING SOURCE
Original cataloging agency DLC
Transcribing agency OCoLC
Modifying agency DLC
042 ## - AUTHENTICATION CODE
Authentication code premarc
050 00 - LIBRARY OF CONGRESS CALL NUMBER
Classification number DS625
Item number .A3 no. 9
100 1# - MAIN ENTRY--PERSONAL NAME
Personal name Soetopo, S.
245 10 - TITLE STATEMENT
Title Batic.
260 ## - PUBLICATION, DISTRIBUTION, ETC.
Place of publication, distribution, etc. [Djakarta,
Name of publisher, distributor, etc. Ministry of Education, Instruction and Culture,
Date of publication, distribution, etc. 1957]
300 ## - PHYSICAL DESCRIPTION
Extent 40 p.
Other physical details illus.
Dimensions 31 cm.
490 1# - SERIES STATEMENT
Series statement Education and culture,
Volume/sequential designation no. 9
500 ## - GENERAL NOTE
General note In English.
650 #0 - SUBJECT ADDED ENTRY--TOPICAL TERM
Topical term or geographic name entry element Batik.
810 1# - SERIES ADDED ENTRY--CORPORATE NAME
Corporate name or jurisdiction name as entry element Indonesia.
Subordinate unit Departemen Pendidikan Dasar dan Kebudajaan.
Title of a work Education and culture ;
Volume/sequential designation no. 9.

No items available.

Powered by Koha